00503 2200193 4500001002100000005001500021035002000036245006200056100001400118250001100132300002500143260004700168082001200215084001800227020002200245650002000267990001100287990001100298INLIS00000000000193020251224084214 a0010-12250000061 aKenapa Harus Kamu? Karena Tuhan Sesayang Itu /cNita Puji0 aNita Puji aCet. 2 axi, 184 hlm ;c21 cm aJakarta :bPT Elex Media Komputindo,c2024 a297.261 a297.261 NIT k a978-623-004-877-7 4aPsikologi Islam a003995 a003994